Web enabled commercial applications development using.. = HTML, DHTML, Javascript, Perl CGL (Record no. 2510)
[ view plain ]
| 000 -LEADER | |
|---|---|
| fixed length control field | 00719nam a2200205Ia 4500 |
| 020 ## - INTERNATIONAL STANDARD BOOK NUMBER | |
| ISBN | 81-7656-274-2 |
| 082 ## - DEWEY DECIMAL CLASSIFICATION NUMBER | |
| Classification number | 005.7592 BAY |
| 100 ## - MAIN ENTRY--AUTHOR NAME | |
| Personal name | Bayross, Iva; |
| 245 #0 - TITLE STATEMENT | |
| Title | Web enabled commercial applications development using.. = HTML, DHTML, Javascript, Perl CGL |
| 250 ## - EDITION STATEMENT | |
| Edition statement | 2nd rev. ed. |
| 260 ## - PUBLICATION, DISTRIBUTION, ETC. (IMPRINT) | |
| Place of publication | New Delhi |
| Name of publisher | BPB Publications |
| Year of publication | 2000 |
| 300 ## - PHYSICAL DESCRIPTION | |
| Number of Pages | 975p. |
| 500 ## - GENERAL NOTE | |
| General note | Free CD |
| 650 ## - SUBJECT ADDED ENTRY--TOPICAL TERM | |
| Topical Term | JAVA (COMPUTER PROGRAM LANGUAGE) |
| 650 ## - SUBJECT ADDED ENTRY--TOPICAL TERM | |
| Topical Term | COMPUTER NETWORK PROTOCOL///CGI (COMPUTER NETWORK PROTOCOL) |
| 650 ## - SUBJECT ADDED ENTRY--TOPICAL TERM | |
| Topical Term | CGI (COMPUTER NETWORK PROTOCOL) |
| 650 ## - SUBJECT ADDED ENTRY--TOPICAL TERM | |
| Topical Term | PERL (COMPUTER PROGRAM LANGUAGE) |
| 650 ## - SUBJECT ADDED ENTRY--TOPICAL TERM | |
| Topical Term | COMMON GATEWAY INTERFACE (COMPUTER NETWORK PROTOCOL)//CGI (COMPUTER NETWORK PROTOCOL) |
| 942 ## - ADDED ENTRY ELEMENTS (KOHA) | |
| Koha item type | Books |
| Withdrawn status | Lost status | Damaged status | Not for loan | Home library | Current library | Date acquired | Bill Date | Full call number | Accession Number | Price effective from | Koha item type |
|---|---|---|---|---|---|---|---|---|---|---|---|
| NASSDOC Library | NASSDOC Library | 08/10/2004 | 2004-10-05 | 005.7592 BAY | 37812 | 18/04/2019 | Books |
